000 00568nam a22001937a 4500
005 20161206104756.0
010 _aENG-116346
020 _a9789350357231
_c130.00
035 _aEN-99878
037 _bDBAD/PUB
082 _a340.14
100 _aRosder,S.R.A.
245 _aEnglish-II /
_cby Rosedar S.R.A.
250 _a2nd ed
260 _aGurgaon
_bLexisNexis
_c2016
270 _a14th Floor, Building No.10, Tower-B, DLF Cyber City, Phase-II
_bGurgaon (Haryana)
_e122002
300 _av,120p.
_c21cm(pbk)
942 _2ddc
_cEN
_mROS
_h340.14
999 _c104354
_d104354